000 01003nam0a22002771 4500
001 v19\rc\1414082
005 20260407142456.0
035 _a(NLR Aleph) 004542112
090 _a2021313
_c2021313
100 _a20060512d1880 |||y0rusy50 ca
101 0 _arus
102 _aRU
105 _ay b |||||
200 1 _aКаталог книг товарищества "Общественная польза"
_e(С.-Петербург...) 1880 год
210 _a[Санкт-Петербург]
_dценз. 1880
215 _a16 с.
_d26
309 _aБез тит. л. и обл.
532 1 3 _aКаталог книг товарищества Общественная польза
710 0 2 _a"Общественная польза", книжный магазин
_cПетербург
_3RU\NLR\AUTH\8810085659
_9673209
801 0 _aRU
_bNLR
_gpsbo
801 0 _aRU
_bRuMoRGB
_2psbo
801 1 _aRU
_bProSoft-M
_2rusmarc
852 _aNLR
_j18.224.6.105
942 _cBOOK
980 _aNB